Loading...
Literature - British Literature | 0 | 8 | 0 | 2 | 80 | 81 | 108.50 | 5 | 8 |
Fine Arts - Classical Music | 0 | 7 | 1 | 0 | 65 | 102 | 112.43 | 2 | 7 |
Fine Arts - Painting & Sculpture | 0 | 5 | 0 | 0 | 50 | 33 | 68.40 | 4 | 5 |
Literature - European Literature | 0 | 5 | 0 | 1 | 50 | 64 | 104.40 | 2 | 5 |
Fine Arts - Other Fine Arts | 0 | 3 | 0 | 0 | 30 | 57 | 69.33 | 0 | 3 |
Literature - World Literature | 0 | 2 | 0 | 1 | 20 | 89 | 111.50 | 0 | 2 |
Literature - American Literature | 0 | 2 | 1 | 1 | 15 | 118 | 128.50 | 0 | 2 |
History - Other History | 0 | 1 | 0 | 1 | 10 | 116 | 116.00 | 0 | 1 |
History - American History | 0 | 1 | 0 | 0 | 10 | 91 | 91.00 | 1 | 1 |
Other | 0 | 1 | 0 | 1 | 10 | 108 | 108.00 | 0 | 1 |
Science - Biology | 0 | 1 | 0 | 0 | 10 | 111 | 111.00 | 0 | 1 |
History - European History | 0 | 0 | 1 | 0 | -5 | 0.00 | 0 | 0 |